| 000 | 00679nam a22001937a 4500 | ||
|---|---|---|---|
| 001 | BD-DhSAU 10310 | ||
| 003 | BD-DhSAU | ||
| 005 | 20150627095552.0 | ||
| 008 | 150624b1980 ii ||||r|||| 000 0 ben d | ||
| 040 | _aBD-DhSAU | ||
| 082 |
_222 _a--- _bবিশীকে |
||
| 100 | _aবিশী, প্রমথনাথ | ||
| 245 |
_aকেরী সাহেবের মুন্সী / _cপ্রমথনাথ বিশী |
||
| 260 |
_aকলিকাতা : _bমিত্র ও ঘোষ পাবলিশার্স, _c১৯৮০. |
||
| 300 |
_a৩৮৭ পৃ. : _c২১ সেমি |
||
| 590 | _ajoy | ||
| 650 | _aউপন্যাস | ||
| 942 |
_2ddc _cBOOK |
||
| 999 |
_c10310 _d10309 |
||